00315nam a22001217a 4500003000400000008004100004020001800045082001800063100003500081245002400116250001500140260003800155OSt200306b ||||| |||| 00| 0 eng d a9789325984578 a332.6019bSHB aSHUCHITA Singh and SHILPA Bahl aBehavioural Finance a1st b2016 aNew DelhibVikas Publishing House